00321nam a2200121Ia 4500008004100000041000800041082001200049100001900061245003400080260004500114300002900159365001100188240624s9999 xx 000 0 und d aeng a413 CHA aCHALKER SYLVIA aDICTIONARY OF ENGLISH GRAMMAR c1998aNew DelhibOxford University press ax, : 448 : p. : cm. ; 20 cRSb30